000 00729nam a2200265 i 4500
001 C2-0249253
003 PPAK
005 20180727213311.0
008 030429s2002 my |||| ||||| | may d
020 _a967690449X
040 _aPPAK
_beng
_cPPAK
_erda
082 0 4 _a158
_223
090 0 0 _a158
_bCYP
_dG
100 1 _aCypert, Samual A.,
_eauthor
245 1 0 _a17 prinsip kejayaan
264 1 _aBatu Caves, Selangor :
_bThinker's Library ,
_c2002
300 _axviii, 291 pages ;
_c23 cm
336 _2rdacontent
_atext
337 _2rdamedia
_aunmediated
338 _2rdacarrier
_avolume
490 1 _aSiri kejayaan diri
650 1 0 _aSuccess - Psychological aspects
830 0 _aSiri kejayaan diri
942 _ddc
_cB
999 _c62802
_d62802